| 000 | 00857nmc a2200289 a 4500 | ||
|---|---|---|---|
| 003 | AR-BaBNM | ||
| 005 | 20251128205656.0 | ||
| 008 | 011101s1994 ||||||||||||||000 | spa|| | ||
| 020 | _a84-8019-179-1 | ||
| 040 | _cAR-BaBNM | ||
| 100 | 1 | _aTrigo Aza, Eugenia | |
| 245 | 1 | 0 |
_aAplicación del juego tradicional en el currículum de educación física _baplicaciones. 2 |
| 250 | _a1ª ed. | ||
| 260 |
_aBarcelona _bPaidotribo _c1994 |
||
| 300 |
_a277 p. _bil. |
||
| 490 | 0 | _aEducación física & enseñanza | |
| 504 | _aBibliografía al final del texto | ||
| 650 | 4 | _aJUEGOS EDUCATIVOS | |
| 650 | 4 | _aCURRICULO | |
| 650 | 4 | _aRELACION FAMILIA-ESCUELA | |
| 650 | 4 | _aJUEGOS INFANTILES | |
| 653 | _aESTRATEGIAS EDUCATIVAS | ||
| 653 | _aPROCESO DE ENSENANZA-APRENDIZAJE | ||
| 700 | 1 |
_aRocafort, Sara _eprologuista |
|
| 942 | _cBK | ||
| 998 | _cCarmen | ||
| 999 |
_c12350 _d12350 |
||